000 00478nam a2200217Ia 4500
003 IT-RoPAU
008 120407s9999 xx 000 0 und d
040 _aIT-RoPAU
040 _cIT-RoPAU
041 _aita
100 _aSalvatore Indelicato
245 _aBasi giuridiche del processo di beatificazione
250 _aRoma
260 _aOfficium Libri Cath.
260 _c1944
300 _a122 p.
300 _c25 cm
490 _v1
942 _cBK
999 _c24766
_d24766